000 01430nam a2200241Ia 4500
999 _c44975
_d44975
001 11796
003 GE_BSU
005 20240625174054.0
008 181216s1993||||ge |||||||||||||| ||geo||
040 _cGE_BSU
041 _ageo
080 _a622.323(075.8)+622.4 ა–16
100 _aაბესაძე, ნ.
_922579
245 _a ნავთობისა და აირის ჭაბურღილების ბურღვა :
_bსახელმძღვანელო უმაღლ. ტექნ. სასწავლებლების სტუდენტებისათვის /
_cნ. აბესაძე ; რედ. რ. თევზაძე ; საწარმოო გაერთიანება "საქნავთობი".
264 _aთბილისი :
_bგანათლება,
_c1993.
300 _a478 გვ. :
_bილ. ;
_c22 სმ.
653 _aნავთობისა და აირის ჭაბურღილების ბურღვა
653 _aნავთობის ჭაბურღილების ბურღვა
653 _aგაზის ჭაბურღილების ბურღვა
700 _aთევზაძე, რ.
_eრედაქტორი
_919083
710 _aსაწარმოო გაერთიანება "საქნავთობი"
_922580
942 _cBK
_2udc